000 00569nmm a2200193Ia 4500
008 251105s9999||||xx |||||||||||||||||und||
020 _a9788416363780
041 _aspa
100 _aSepetys, Ruta
245 0 _aLágrimas en el mar
264 _a[Madrid, España] :
_bMaeva Ediciones,
_c[Fecha de publicación no identificada]
300 _a0 páginas
490 _aÉxitos literarios
650 _aHistorical fiction
700 _aSepetys, Ruta
700 1 _a Abella Villar, Álvaro
856 _uhttps://public.digitaliapublishing.com/a/81775
942 _cCF
999 _c71313
_d71313